书目信息 |
| 题名: |
饮用水膜深度处理技术
|
|
| 作者: | 董秉直 , 曹达文 , 陈艳 著 | |
| 分册: | ||
| 出版信息: | 北京 化学工业出版社 2006 |
|
| 页数: | 178页 | |
| 开本: | 26cm | |
| 丛书名: | ||
| 单 册: | ||
| 中图分类: | TU991.2 | |
| 科图分类: | ||
| 主题词: | 薄膜技术--应用--饮用水--深度处理--研究 , 薄膜技术 , 饮用水 , 深度处理 | |
| 电子资源: | ||
| ISBN: | 7-5025-8959-7 | |
| 000 | 01110nam0 2200301 450 | |
| 001 | 012007227407 | |
| 005 | 20070522170929.31 | |
| 010 | @a7-5025-8959-7@dCNY35.00 | |
| 100 | @a20070515d2006 km y0chiy0120 ea | |
| 101 | 0 | @achi |
| 102 | @aCN@b110000 | |
| 105 | @ay z 000yy | |
| 106 | @ar | |
| 200 | 1 | @a饮用水膜深度处理技术@Ayin yong shui mo shen du chu li ji shu@f董秉直,曹达文,陈艳著@Fdong bing zhi,cao da wen,chen yan zhu |
| 210 | @a北京@c化学工业出版社@d2006 | |
| 215 | @a178页@d26cm | |
| 300 | @a国家“863”高技术研究发展计划资助项目(2002AA601130),国家科技攻关计划重大资助项目(2003BA808A17) | |
| 330 | @a本书对被称为“二十一世纪的水处理技术”的膜技术展开了深入的研究,总结了近十年的试验研究成果,对膜技术的推广应用起到抛砖引玉的作用。 | |
| 606 | 0 | @a薄膜技术@x应用@x饮用水@x深度处理@x研究 |
| 606 | 0 | @a薄膜技术 |
| 606 | 0 | @a饮用水 |
| 606 | 0 | @a深度处理 |
| 690 | @aTU991.2@v4 | |
| 701 | 0 | @a董秉直@Adong bing zhi@f(1955.8~)@4著 |
| 701 | 0 | @a曹达文@Acao da wen@f(1957.8~)@4著 |
| 701 | 0 | @a陈艳@Achen yan@c(水处理)@4著 |
| 801 | 0 | @aCN@bRULIN@c20070522 |
| 905 | @dTU991.2@e158@s8 | |
| 饮用水膜深度处理技术/董秉直,曹达文,陈艳著.-北京:化学工业出版社,2006 |
| 178页;26cm |
| 国家“863”高技术研究发展计划资助项目(2002AA601130),国家科技攻关计划重大资助项目(2003BA808A17) |
| ISBN 7-5025-8959-7:CNY35.00 |
| 本书对被称为“二十一世纪的水处理技术”的膜技术展开了深入的研究,总结了近十年的试验研究成果,对膜技术的推广应用起到抛砖引玉的作用。 |
| ● |
| 相关链接 |
|
|
|
|
正题名:饮用水膜深度处理技术
索取号:TU991.2/158
 
预约/预借
| 序号 | 登录号 | 条形码 | 馆藏地/架位号 | 状态 | 备注 |
| 1 | 0574143 | 205741438 | 第二样本阅览室/ [索取号:TU991.2/158] | 在馆 | |
| 2 | 0574144 | 205741447 | 第三借阅区/ [索取号:TU991.2/158] | 在馆 | |
| 3 | 0574145 | 205741456 | 第三借阅区/ [索取号:TU991.2/158] | 在馆 | |
| 4 | 0574146 | 205741465 | 第三借阅区/ [索取号:TU991.2/158] | 在馆 | |
| 5 | 0574147 | 205741474 | 第三借阅区/ [索取号:TU991.2/158] | 在馆 | |
| 6 | 0574148 | 205741483 | 第三借阅区/ [索取号:TU991.2/158] | 在馆 | |
| 7 | 0574149 | 205741492 | 第三借阅区/ [索取号:TU991.2/158] | 在馆 | |
| 8 | 0574150 | 205741508 | 第三借阅区/ [索取号:TU991.2/158] | 在馆 |